000
00196 a2200097 4500
001
10694
100
_a
Kemp, R
245
_a
Nobody need be fat.
260
_a
_b
Heinemann
_c
090
_c
8295
_d
8295
942
_a
NUST-CAE
_c
M
_c
35039
999
_c
245767
_d
245767